Apparent places of fundamental stars 1977 (Record no. 4653)

MARC details
000 -LEADER
fixed length control field 00583nam a2200181Ia 4500
003 - CONTROL NUMBER IDENTIFIER
control field IN-BaIIA
008 - FIXED-LENGTH DATA ELEMENTS--GENERAL INFORMATION
fixed length control field 211028s9999 xx 000 0 eng d
040 ## - CATALOGING SOURCE
Transcribing agency IIA Library
080 ## - UNIVERSAL DECIMAL CLASSIFICATION NUMBER
Universal Decimal Classification number 083.8:523.8
Item number APP-77
110 ## - MAIN ENTRY--CORPORATE NAME
Corporate name or jurisdiction name as entry element Astronomisches Rechen-Institut
9 (RLIN) 6078
245 #0 - TITLE STATEMENT
Title Apparent places of fundamental stars 1977
Statement of responsibility, etc. Astronomisches Rechen-Institut
260 ## - PUBLICATION, DISTRIBUTION, ETC.
Place of publication, distribution, etc. Heidelberg
Name of publisher, distributor, etc. Astronomisches Rechen-Institut
Date of publication, distribution, etc. 1975
300 ## - PHYSICAL DESCRIPTION
Extent xliv, 510p.
650 ## - SUBJECT ADDED ENTRY--TOPICAL TERM
Topical term or geographic name entry element  Catalogue-Stars 
650 ## - SUBJECT ADDED ENTRY--TOPICAL TERM
Topical term or geographic name entry element  Stars Catalogue
9 (RLIN) 8244
650 ## - SUBJECT ADDED ENTRY--TOPICAL TERM
Topical term or geographic name entry element Astronomy and Astrophysics Thesaurus 
9 (RLIN) 1143
942 ## - ADDED ENTRY ELEMENTS (KOHA)
Koha item type Books
Holdings
Withdrawn status Lost status Damaged status Not for loan Home library Current library Shelving location Date acquired Total Checkouts Full call number Barcode Date last seen Price effective from Koha item type
        IIA Library-Bangalore IIA Library-Kavalur General Stacks     083.8:523.8/ APP-77 5188 05/11/2021   Books

Powered by Koha